Nise's control systems engineering (Record no. 576781)

000 -LEADER
fixed length control field 00343nam a22001337a 4500
020 ## - INTERNATIONAL STANDARD BOOK NUMBER
International Standard Book Number 9781119382973
082 ## - DEWEY DECIMAL CLASSIFICATION NUMBER
Classification number 629.8 NIS
100 ## - MAIN ENTRY--PERSONAL NAME
Personal name Nise, Norman s.
9 (RLIN) 61598
245 ## - TITLE STATEMENT
Title Nise's control systems engineering
250 ## - EDITION STATEMENT
Edition statement 7th
260 ## - PUBLICATION, DISTRIBUTION, ETC.
Place of publication, distribution, etc. Singapor
Name of publisher, distributor, etc. John Wiley
Date of publication, distribution, etc. 2015
650 ## - SUBJECT ADDED ENTRY--TOPICAL TERM
Topical term or geographic name entry element Nise's Control Systems Engineering
9 (RLIN) 69546
942 ## - ADDED ENTRY ELEMENTS (KOHA)
Koha item type Book
Holdings
Withdrawn status Lost status Damaged status Not for loan Collection code Permanent Location Current Location Shelving location Date acquired Total Checkouts Full call number Barcode Date last seen Price effective from Koha item type
          College of Electrical & Mechanical Engineering (CEME) College of Electrical & Mechanical Engineering (CEME) General Stacks 09/03/2019   629.8 NIS CEME-49654 (RES COP) 06/28/2021 06/28/2021 Book
          College of Electrical & Mechanical Engineering (CEME) College of Electrical & Mechanical Engineering (CEME) General Stacks 10/15/2019   629.8 NIS SCB-49654 06/28/2021 06/28/2021 Book
© 2023 Central Library, National University of Sciences and Technology. All Rights Reserved.